Francisco Montes (Record no. 171192)

MARC details
000 -LEADER
campo de control de longitud fija 00766nam a22001575i 4500
001 - NÚMERO DE CONTROL
campo de control 171192
003 - IDENTIFICADOR DE NÚMERO DE CONTROL
campo de control ES-MaACL
005 - FECHA Y HORA DE LA ÚLTIMA TRANSACCIÓN
campo de control 20230906214549.0
008 - DATOS DE LONGITUD FIJA--INFORMACIÓN GENERAL
campo de control de longitud fija 090504s1868 sp |||| | spa d
100 1# - ENTRADA PRINCIPAL--NOMBRE DE PERSONA
Nombre de persona Caballero y Valero, Víctor.
9 (RLIN) 140013
245 10 - MENCIÓN DEL TÍTULO
Título Francisco Montes
Resto del título : comedia en un acto original y en verso /
Mención de responsabilidad, etc. por Víctor Caballero y Valero.
260 ## - PUBLICACIÓN, DISTRIBUCIÓN, ETC.
Lugar de publicación, distribución, etc. Cádiz :
Nombre del editor, distribuidor, etc. [s.n.],
Fecha de publicación, distribución, etc. 1868 (
Fabricante Imp. de la Revista Médica)
300 ## - DESCRIPCIÓN FÍSICA
Extensión 39 p. ;
Dimensiones 18 cm.
500 ## - NOTA GENERAL
Nota general En port.: Representada cinco veces consecutivas con extraordinario éxito en el teatro del Balón de Cádiz.
852 ## - LOCALIZACIÓN
Ubicación ES-MaACL
Número de control de estantería F-8589(9)
Nota libre .- Enc. pasta epañola
condición física - Falto de la cub. original
Nota libre - Enc. en un vol. facticio formando parte de la col. facticia "Teatro español moderno", vol. 42
Holdings
Estatus retirado Estado de pérdida Estado de daño No para préstamo Colección Biblioteca de origen Biblioteca actual Ubicación en estantería Fecha de adquisición Fuente de adquisición Total de préstamos Signatura topográfica completa Código de barras Visto por última vez Precio de reemplazo Tipo de ítem Koha
        Libros del s. XIX Biblioteca del Ateneo de Madrid Biblioteca del Ateneo de Madrid Sala Pecera Planta 2 04/05/2009     F-8589(9) 1179659 23/02/2023 23/02/2023 Libro impreso antiguo